Swiss players in European Big Five (2000-) - Statistics

General Stats
  • This quiz has been taken 55 times
  • The average score is 35 of 163
Answer Stats
Ranking Player Positions Nationality Matches Goals (assists) Periods Clubs % Correct
2 Granit Xhaka DF, MF 399 28 (34) 2012-2025
96%
21 Xherdan Shaqiri MF, FW 207 36 (34) 2012-2022
96%
5 Yann Sommer GK 357 0 (1) 2014-2025
92%
32 Gregor Kobel GK 165 0 (0) 2018-2019, 2020-2025
88%
1 Stephan Lichtsteiner DF, MF 424 20 (31) 2005-2020
88%
22 Manuel Akanji DF, MF 204 6 (2) 2017-2025
86%
4 Ricardo Rodríguez DF, MF 361 17 (30) 2011-2025
86%
23 Breel Embolo MF, FW 202 51 (17) 2016-2025
78%
16 Fabian Schär DF 250 21 (9) 2015-2025
76%
7 Remo Freuler MF 300 20 (23) 2015-2025
75%
24 Denis Zakaria DF, MF 194 22 (10) 2017-2025
73%
20 Roman Bürki GK 210 0 (0) 2014-2022
71%
8 Diego Benaglio GK 285 0 (0) 2007-2019
69%
9 Nico Elvedi DF 285 15 (8) 2015-2025
67%
30 Alexander Frei FW 174 82 (20) 2002-2009
65%
74 Fabian Frei DF, MF 53 1 (3) 2015-2018
65%
28 Marwin Hitz GK 181 1 (0) 2009-2011, 2013-2022
61%
11 Gökhan Inler MF 264 15 (17) 2007-2016
59%
33 Ruben Vargas MF, FW 165 22 (17) 2019-2025
59%
3 Valon Behrami DF, MF 387 10 (11) 2005-2022
59%
29 Djibril Sow MF 175 10 (10) 2016-2017, 2019-2025
57%
19 Johan Djourou DF 212 3 (1) 2005-2016, 2018-2019
57%
10 Blerim Džemaili MF 279 31 (19) 2008-2013, 2015-2020
53%
53 Dan Ndoye MF, FW 93 10 (7) 2020-2021, 2023-2025
53%
26 Edimilson Fernandes DF, MF, FW 188 3 (9) 2016-2025
53%
6 Gelson Fernandes MF 302 9 (5) 2007-2011, 2013-2020
53%
17 Silvan Widmer DF, MF, FW 237 12 (23) 2013-2017, 2021-2025
53%
25 Admir Mehmedi MF, FW 193 32 (23) 2013-2022
51%
82 Noah Okafor MF, FW 43 7 (2) 2023-2025
49%
38 Haris Seferović FW 141 21 (15) 2010-2016, 2022-2023
47%
35 Philippe Senderos DF 153 6 (2) 2004-2015
47%
50 Kevin Mbabu DF 100 3 (5) 2015-2016, 2019-2024
45%
52 Michel Aebischer MF, FW 94 1 (1) 2021-2025
43%
67 Yvon Mvogo GK 60 0 (0) 2017-2019, 2022-2024
41%
43 Josip Drmić MF, FW 128 32 (5) 2013-2020
39%
13 Tranquillo Barnetta MF 260 29 (41) 2004-2015
39%
128 Hakan Yakin MF, FW 9 0 (2) 2003-2005
37%
131 Murat Yakin DF 9 0 (0) 2000-2001
37%
47 Renato Steffen MF, FW 115 16 (9) 2017-2022
37%
44 Eren Derdiyok FW 127 27 (13) 2009-2014
35%
48 Jonas Omlin GK 108 0 (1) 2020-2025
35%
12 Pirmin Schwegler MF 262 7 (20) 2006-2010, 2012-2019
35%
42 Steven Zuber DF, MF, FW 129 14 (12) 2014-2021
33%
55 Timm Klose DF 92 5 (1) 2011-2015, 2019-2020
33%
37 Stéphane Henchoz DF 144 0 (1) 2000-2003, 2005-2007
31%
18 Fabian Lustenberger DF, MF 220 3 (3) 2007-2009, 2011-2012, 2013-2019
29%
36 Ludovic Magnin DF 147 6 (14) 2001-2010
29%
58 Cédric Brunner DF 86 0 (2) 2020-2023
27%
65 Valentin Stocker MF 68 8 (5) 2014-2018
27%
107 David Degen MF 18 2 (1) 2006-2007
25%
64 Marco Streller FW 68 12 (2) 2003-2007
25%
31 Patrick Müller DF 167 3 (7) 2000-2009
25%
61 Philipp Degen DF, FW 80 1 (4) 2005-2007, 2009-2011
25%
86 Philipp Köhn GK 41 0 (0) 2023-2025
24%
81 Cedric Zesiger DF 45 0 (2) 2023-2025
22%
89 Fabian Rieder MF, FW 36 2 (3) 2023-2025
22%
109 Mario Gavranović FW 15 0 (0) 2009-2012
20%
39 Raphaël Wicky DF, MF 141 4 (5) 2000-2007
20%
72 Simon Sohm MF 55 5 (0) 2020-2021, 2024-2025
20%
77 Ulisses Garcia DF, MF 52 2 (4) 2015-2017, 2023-2025
20%
124 Noah Loosli DF 10 0 (0) 2023-2024
18%
27 Reto Ziegler DF, MF 187 5 (13) 2004-2010, 2013-2014
18%
118 Cedric Itten FW 12 2 (0) 2021-2022
16%
41 Christoph Spycher DF 129 0 (3) 2005-2010
16%
120 Johan Manzambi MF, FW 11 2 (1) 2024-2025
16%
100 Leonidas Stergiou DF 27 2 (2) 2023-2025
16%
45 Mario Eggimann DF 127 7 (1) 2007-2013
16%
98 Michael Frey FW 30 2 (3) 2014-2015, 2022-2023
16%
101 Michael Lang DF, FW 26 1 (0) 2018-2020
16%
94 Silvan Hefti DF, MF, FW 33 0 (1) 2021-2022, 2023-2024
16%
95 Andi Zeqiri DF, MF, FW 31 2 (1) 2020-2022
14%
60 Eray Cömert DF, MF 81 3 (0) 2021-2025
14%
143 Luca Jaquez DF 5 0 (0) 2024-2025
14%
59 Ciriaco Sforza DF, MF 84 2 (9) 2000-2002, 2004-2006
12%
99 Eldin Jakupović GK 28 0 (0) 2013-2014, 2016-2018
12%
87 Johann Vogel MF 38 0 (0) 2005-2009
12%
46 Jordan Lotomba DF, MF 123 2 (2) 2020-2025
12%
62 Vincent Sierro MF 78 11 (3) 2017-2018, 2022-2025
12%
156 Anto Grgić MF 1 0 (0) 2017-2018
10%
117 Arnaud Bühler DF 12 0 (0) 2005-2006
10%
132 Aurele Amenda DF 8 0 (0) 2024-2025
10%
76 Pajtim Kasami MF, FW 52 4 (0) 2010-2014
10%
114 Pascal Zuberbühler GK 13 0 (0) 2000-2001
10%
163 Saulo Decarli DF 1 0 (0) 2021-2022
10%
34 Steve von Bergen DF 164 1 (2) 2007-2013
10%
73 Benjamin Huggel MF 53 1 (2) 2005-2007
8%
85 Bernt Haas DF 41 0 (1) 2001-2002, 2004-2005
8%
56 Jörg Stiel GK 89 0 (0) 2001-2004
8%
137 Kevin Rüegg DF, MF 7 0 (0) 2020-2021
8%
15 Stéphane Grichting DF 254 1 (1) 2002-2012
8%
90 Zeki Amdouni MF, FW 34 5 (1) 2023-2024
8%
123 Albian Ajeti FW 10 0 (0) 2015-2016, 2019-2020
6%
78 Becir Omeragic DF, MF 50 0 (0) 2023-2025
6%
40 François Moubandje DF 134 0 (3) 2013-2019
6%
150 Ifechukwu Ogbus DF 2 0 (0) 2024-2025
6%
129 Johan Vonlanthen MF, FW 9 0 (0) 2004-2005
6%
75 Marco Padalino DF, MF 52 3 (4) 2008-2011
6%
49 Michel Morganella DF, MF 108 1 (5) 2008-2009, 2011-2012, 2014-2017
6%
66 Nicolas Haas MF 60 1 (3) 2017-2018, 2021-2025
6%
102 Orhan Ademi FW 25 1 (1) 2013-2014
6%
84 Rémo Meyer DF 42 0 (4) 2002-2004
6%
147 Alexandre Jankewitz MF 2 0 (0) 2020-2021
4%
57 Almen Abdi MF 87 2 (0) 2009-2011, 2015-2016
4%
127 Blaise Nkufo FW 9 0 (1) 2002-2003
4%
79 Bruno Berner DF, MF 48 1 (5) 2003-2004, 2006-2008
4%
108 David Sesa MF, FW 16 1 (2) 2000-2001
4%
88 Fabio Coltorti GK 37 0 (0) 2007-2009, 2016-2017
4%
70 Gaetano Berardi DF 55 0 (1) 2010-2011, 2012-2013, 2020-2021
4%
71 Loris Benito DF 55 1 (0) 2019-2022
4%
110 Martin Angha DF 14 0 (0) 2013-2014
4%
125 Ramon Vega DF 10 0 (0) 2000-2001
4%
93 Ricardo Cabanas MF 33 0 (1) 2003-2004, 2005-2006
4%
122 Alain Nef DF 10 0 (1) 2008-2009
2%
139 Beg Ferati DF 6 0 (0) 2011-2012
2%
148 Benjamin Siegrist GK 2 0 (0) 2024-2025
2%
68 Daniel Gygax MF, FW 59 7 (3) 2005-2007, 2009-2010
2%
14 Fabio Celestini MF 255 5 (12) 2000-2010
2%
140 Filip Stojilković MF, FW 6 0 (0) 2023-2024
2%
63 Innocent Emeghara FW 75 16 (5) 2011-2014
2%
51 Johann Lonfat MF 96 2 (3) 2002-2006
2%
130 Kubilay Türkyilmaz FW 9 0 (0) 2000-2001
2%
97 Léo Lacroix DF 31 0 (0) 2016-2018
2%
162 Nishan Burkart MF 1 0 (0) 2020-2021
2%
152 Sébastien Wüthrich MF 2 0 (0) 2014-2016
2%
116 Xavier Margairaz MF 13 0 (0) 2007-2008
2%
144 Adrian Nikçi MF 4 1 (0) 2012-2013
0%
126 Alain Rochat DF, MF 9 0 (0) 2005-2006
0%
105 Alexandre Comisetti MF 21 3 (1) 2000-2001
0%
154 Anđelko Savić FW 1 0 (0) 2012-2013
0%
155 Andreas Hirzel GK 1 0 (0) 2015-2016
0%
106 Anthony Racioppi GK 21 0 (0) 2020-2021
0%
138 Badile Lubamba DF 6 0 (0) 2001-2003
0%
157 Bruno Fontes da Mota MF 1 0 (0) 2006-2007
0%
133 Cabral MF 8 0 (1) 2013-2014
0%
145 Cephas Malele FW 3 0 (0) 2012-2013
0%
149 Daniel Sereinig DF 2 0 (0) 2010-2011
0%
91 Davide Chiumiento MF 33 2 (3) 2003-2006
0%
83 Dereck Kutesa MF, FW 42 2 (2) 2019-2021
0%
142 Dimitri Oberlin FW 5 0 (0) 2018-2019
0%
158 Dylan Gissi DF, MF 1 0 (0) 2014-2015
0%
54 Fabian Gerber MF 93 8 (12) 2001-2002, 2004-2007
0%
80 Fabio Daprelà DF, MF 46 0 (0) 2009-2010, 2014-2016
0%
111 Fabrizio Zambrella MF 13 0 (0) 2004-2005
0%
159 Francisco Rodríguez Araya MF 1 0 (0) 2015-2016
0%
112 François Affolter DF 13 0 (0) 2011-2012
0%
141 Gabriel Bares DF, MF 6 0 (0) 2024-2025
0%
92 Giuseppe Mazzarelli DF 33 3 (1) 2000-2001
0%
119 Goran Karanović FW 12 1 (1) 2015-2016
0%
134 Guerino Gottardi DF, MF 8 0 (0) 2000-2003
0%
146 Joel Untersee DF 3 0 (0) 2018-2019
0%
96 Jonathan Rossini DF 31 0 (1) 2012-2014
0%
136 Julián Estéban FW 7 1 (0) 2006-2009
0%
103 Kevin Spadanuda MF, FW 22 0 (1) 2022-2023
0%
113 Marc Zellweger DF 13 1 (0) 2001-2002
0%
69 Mario Cantaluppi DF, MF 58 0 (4) 2004-2006
0%
135 Matteo Fedele MF 8 0 (0) 2015-2016
0%
160 Nassim Ben Khalifa MF, FW 1 0 (0) 2010-2011
0%
161 Nicky Medja MF, FW 1 0 (0) 2018-2019
0%
151 Patrick Foletti GK 2 0 (0) 2001-2002
0%
115 Shani Tarashaj MF, FW 13 1 (0) 2016-2017
0%
153 Simone Grippo DF, MF 2 0 (0) 2008-2009
0%
121 Vasilije Janjicic MF 11 0 (0) 2016-2018
0%
104 Vincent Rüfli DF, FW 22 0 (2) 2016-2018
0%
No matching quizzes found
Score Distribution
Percent of People with Each Score
Percentile by Number Answered
Your Score History
You have not taken this quiz